<?xml version="1.0" encoding="UTF-8"?>
<marc:record xmlns:marc="http://www.loc.gov/MARC21/slim">
   <marc:leader>00000nam a2200000 a 4500</marc:leader>
   <marc:datafield ind1="1" ind2=" " tag="100">
      <marc:subfield code="a">Weigand, Sabine</marc:subfield>
      <marc:subfield code="4">aut</marc:subfield>
      <marc:subfield code="e">Verfasser/-in</marc:subfield>
   </marc:datafield>
   <marc:datafield ind1="1" ind2=" " tag="100">
      <marc:subfield code="a">Assheuer, Birgitta</marc:subfield>
   </marc:datafield>
   <marc:datafield ind1=" " ind2=" " tag="653">
      <marc:subfield code="a">Hörbuch</marc:subfield>
   </marc:datafield>
   <marc:datafield ind1=" " ind2=" " tag="653">
      <marc:subfield code="a">Sizilien</marc:subfield>
   </marc:datafield>
   <marc:datafield ind1=" " ind2=" " tag="653">
      <marc:subfield code="a">Staufer</marc:subfield>
   </marc:datafield>
   <marc:datafield ind1=" " ind2=" " tag="653">
      <marc:subfield code="a">Mittelalter</marc:subfield>
   </marc:datafield>
   <marc:datafield ind1=" " ind2=" " tag="653">
      <marc:subfield code="a">Buchmalerei</marc:subfield>
   </marc:datafield>
   <marc:datafield ind1="0" ind2="0" tag="245">
      <marc:subfield code="a">Das Buch der Königin [Tonträger]</marc:subfield>
   </marc:datafield>
   <marc:datafield ind1="0" ind2="0" tag="245">
      <marc:subfield code="c">Sabine Weigand. Birgitta Assheuer liest</marc:subfield>
   </marc:datafield>
   <marc:datafield ind1=" " ind2="1" tag="264">
      <marc:subfield code="a">Berlin</marc:subfield>
      <marc:subfield code="b">Argon</marc:subfield>
      <marc:subfield code="c">2014</marc:subfield>
   </marc:datafield>
   <marc:datafield ind1="1" ind2=" " tag="520">
      <marc:subfield code="a">Angaben aus der Verlagsmeldung : Das Buch der Königin / von Sabine WeigandErbin, Mutter, Rebellin: Königin Konstanze, die heimliche Schlüsselfigur der Stauferdynastie Es ist die berühmteste Geburtsszene des Mittelalters: Konstanze, Frau des deutschen Kaisers Heinrich VI, vierzigjährig, als unfruchtbar verschrieen, hochschwanger. Um jeden Preis muss sie die Legitimität ihres Kindes sicherstellen. Und so bringt sie ihren Sohn öffentlich, auf dem Marktplatz von Jesi, zur Welt. Die Nachwelt kennt sie als Mutter des Stauferkaisers Friedrich II. Aber welcher Weg liegt wirklich hinter Konstanze von Sizilien? Wem gehört ihre Treue: ihrer Heimat Sizilien oder ihrem Mann, dessen Grausamkeit sie entsetzt? Das Hörbuch erzählt von einer Frau, deren Träume ganze Königreiche umfassen? Birgitta Assheuer ist Sprecherin in Hörfunk und Fernsehen. Mit ihrer weichen und sinnlichen Stimme ist sie eine beliebte Hörbuchsprecherin, der es gelingt, jeder Figur unverwechselbares Leben einzuhauchen.</marc:subfield>
   </marc:datafield>
   <marc:datafield ind1=" " ind2=" " tag="020">
      <marc:subfield code="a">9783839813089</marc:subfield>
      <marc:subfield code="9">9783839813089</marc:subfield>
   </marc:datafield>
   <marc:datafield ind1=" " ind2=" " tag="020">
      <marc:subfield code="a">ISBN 9783839813089 ? 18,18</marc:subfield>
      <marc:subfield code="9">ISBN 9783839813089 ? 18,18</marc:subfield>
   </marc:datafield>
   <marc:datafield ind1=" " ind2=" " tag="041">
      <marc:subfield code="a">ger</marc:subfield>
   </marc:datafield>
   <marc:datafield ind1=" " ind2=" " tag="500">
      <marc:subfield code="a">autoris. Lesefassung</marc:subfield>
   </marc:datafield>
   <marc:datafield ind1="0" ind2=" " tag="490">
      <marc:subfield code="v">0</marc:subfield>
   </marc:datafield>
   <marc:datafield ind1=" " ind2=" " tag="300">
      <marc:subfield code="a">471'  : 1 6 CDs</marc:subfield>
   </marc:datafield>
</marc:record>
